Die größten US-Präsidenten (Körpergröße) - Statistiken

Allgemein
  • Dieses Quiz wurde 83 mal gespielt
  • Das Durchschnittsergebnis liegt bei 7 aus 10
Antwortstatistiken
# Größe (in cm) US-Präsident % Korrekt
8 185 Barack Obama
93%
3 190 (nach ärztlicher Untersuchung 2025) Donald Trump
91%
1 193 Abraham Lincoln
87%
5 188 Franklin Delano Roosevelt
79%
5 188 George Washington
76%
10 183 John F. Kennedy
76%
5 188 Bill Clinton
73%
8 185 Ronald Reagan
60%
1 193 Lyndon B. Johnson
51%
4 189 Thomas Jefferson
43%
Keine übereinstimmenden Quizze gefunden
Verteilung der Resultate
Anzahl Personen mit jedem Resultat
Perzentil nach korrekt beantworteten Fragen
Ihre Resultats-Entwicklung
Sie haben dieses Quiz noch nicht gespielt